Shared care for asthma/ (Record no. 161414)

MARC details
000 -LEADER
fixed length control field 00714nam a2200265 a 4500
008 - FIXED-LENGTH DATA ELEMENTS--GENERAL INFORMATION
fixed length control field
020 ## - INTERNATIONAL STANDARD BOOK NUMBER
International Standard Book Number 1899066411(pbk)
049 ## - LOCAL HOLDINGS (OCLC)
Holding library MAIN
090 ## - LOCALLY ASSIGNED LC-TYPE CALL NUMBER (OCLC); LOCAL CALL NUMBER (RLIN)
Classification number (OCLC) (R) ; Classification number, CALL (RLIN) (NR) RC591
003 - CONTROL NUMBER IDENTIFIER
control field
005 - DATE AND TIME OF LATEST TRANSACTION
control field 20230123134158.0
040 ## - CATALOGING SOURCE
Transcribing agency NUST
100 1# - MAIN ENTRY--PERSONAL NAME
Personal name Levy, Mark L.
245 10 - TITLE STATEMENT
Title Shared care for asthma/
Statement of responsibility, etc. Mark. L. Levy; et...al.
260 ## - PUBLICATION, DISTRIBUTION, ETC.
Place of publication, distribution, etc. Oxford :
Name of publisher, distributor, etc. ISIS Mediacl Media ;
Date of publication, distribution, etc. 1997
300 ## - PHYSICAL DESCRIPTION
Extent x, 219 p. :
Other physical details ill. ;
Dimensions 21 cm.
500 ## - GENERAL NOTE
General note Includes index.
650 #1 - SUBJECT ADDED ENTRY--TOPICAL TERM
Topical term or geographic name entry element Asthma
700 ## - ADDED ENTRY--PERSONAL NAME
Personal name Clark, Roland A.
700 ## - ADDED ENTRY--PERSONAL NAME
Personal name Chauhan, Anoop J.
700 ## - ADDED ENTRY--PERSONAL NAME
Personal name Holgate, Stephen T.
700 ## - ADDED ENTRY--PERSONAL NAME
Personal name Couriel, Jon M.
907 ## - LOCAL DATA ELEMENT G, LDG (RLIN)
a .b10195324
b 09-03-06
c 09-03-06
942 ## - ADDED ENTRY ELEMENTS (KOHA)
Koha item type Ordinary Loan Books
Call number prefix RC591
Holdings
Date last seen Total Checkouts Full call number Barcode Cost, replacement price Price effective from Koha item type Lost status Source of classification or shelving scheme Damaged status Not for loan Collection Withdrawn status Home library Current library Shelving location Date acquired Cost, normal purchase price
01/23/2023   RC591 LEV 92003022616 80.00 01/23/2023 BOOKS   LCC     NFIC   MAIN MAIN GEN 01/23/2023 80.00